Welcome to the Holygrace Academy Library

Please use search bar below to get started

SECRET THE POWER (Record no. 5016)

MARC details
000 -LEADER
fixed length control field 00262nam a22001217a 4500
082 ## - DEWEY DECIMAL CLASSIFICATION NUMBER
Classification number 100
Item number BYR/S
100 ## - MAIN ENTRY--AUTHOR NAME
Personal name BYRNE,RHONDA
245 ## - TITLE STATEMENT
Title SECRET THE POWER
260 ## - PUBLICATION, DISTRIBUTION, ETC. (IMPRINT)
Place of publication UK
Name of publisher SIMON & SCHUSTER
300 ## - PHYSICAL DESCRIPTION
Number of Pages 250
650 ## - SUBJECT ADDED ENTRY--TOPICAL TERM
Topical Term PERSONALITY DEVELOPMENT
Geographic subdivision UK
942 ## - ADDED ENTRY ELEMENTS (KOHA)
Koha item type Books
Holdings
Withdrawn status Lost status Collection code Home library Current library Shelving location Date acquired Source of acquisition Full call number Accession Number Koha item type
    Reference Main Library Main Library SHELF-17G-PERSONALITY DEVELOPMENT BOOKS 23/01/2019 PURCHASE 100 BYR/S 10569 Books